| 000 | 00509nam a22001817a 4500 | ||
|---|---|---|---|
| 005 | 20260702151008.0 | ||
| 020 | _a9789385506987 | ||
| 041 | _aENG | ||
| 082 |
_a006.312 _bKAM |
||
| 100 | _aKamalakaran Rao, V. | ||
| 245 |
_aData analytics using R / _cV. Kamalakaran Rao |
||
| 260 |
_aVisakhapatnam : _bShree publishing house , _c2022. |
||
| 300 |
_axi, 140 Pages : _bIllustrations ; _c23 cm. |
||
| 650 | _aData Analytics | ||
| 650 | _aData Science | ||
| 650 | _aComputational Statistics | ||
| 942 |
_2ddc _cBK |
||
| 999 |
_c24341 _d24341 |
||